000 00452nam a2200181Ia 4500
008 151202s9999||||xx |||||||||||||| ||und||
082 _bPNVM-21591
100 _aMCCARTHY JOE.
245 _aTHE REMARKABLE KENNEDYS.
260 _b"DIALPRESS, NEWYORK."
260 _c1960
300 _a157
600 _aMCCARTHY JOE.
630 _aTHE REMARKABLE KENNEDYS.
700 _aMCCARTHY JOE.
730 _aTHE REMARKABLE KENNEDYS.
942 _cBOOK
999 _c1287567
_d1287564